000 00598cam a2200217 4500
001 M1861
008 2011
035 _a(Sirsi) u34933
041 _aeng
050 _a690.26
110 _aNational Federation of Demolition Contractors
_91975
245 4 _aThe National Federation of Demolition Contractors year book 2011.
260 _aLondon
_bConstruction Publications Ltd
_c2011
300 _a66p. : ill. ; 30cm.
350 _a0
650 _aDEMOLITION
650 _aDIRECTORIES
690 _aBUILT ENVIRONMENT
942 _n0
948 _c04/03/1997
999 _c90008
_d90008